LEADER 01775nas a2200337 u 4500 001 000000006256 003 CaOOAMICUS 005 20070226104843.0 008 950530c19909999it fr p u0 u ita u 035 $a10160428 040 $aPUL$bita 041 0 $aita$aeng$alat 130 0 $aDocumenti e studi sulla tradizione filosofica medievale : Rivista della Società internazionale per lo studio del Medioevo latino$g[Spogli].$0(OLS)http://pul/title/9218 245 10$aDocumenti e studi sulla tradizione filosofica medievale :$bRivista della Società internazionale per lo studio del Medioevo latino. 260 $aSpoleto :$bCentro italiano di studi sull'alto Medioevo,$c1990- 300 $av. ;$c24 cm 310 $aSemestrale 362 0 $aI, 1- 1990- 490 1 $aI, 1: Aegidiana 490 1 $aI, 2-<>: Miscellanea 650 0$aPhilosophy, Medieval$xPeriodicals.$2//eng$0(OLS)http://pul/subject/1691 710 2 $aSocietà internazionale per lo studio del Medioevo Latino.$0(OLS)http://pul/name/6394 710 2 $aCentro italiano di studi sull'alto Medioevo.$0(OLS)http://pul/name/3012 830 0$aAegidiana.$0(OLS)http://pul/title/9220 830 0$aMiscellanea (Spoleto, Italy).$0(OLS)http://pul/title/9221 850 $aPUL 852 $aPUL$W1$xDP1 Riviste Correnti$y15$m2-108/DP1103.I$j8889$nSE-PRI$bv.1 (1990)-v.2 (1991), v.8 (1997)-$qPeriodici$B8889$CPULBib$Z2$F8889 $82 910 $aFondazione Centro italiano di studi sull'alto Medioevo$93012 941 1 $a5 996 $6245$aDocumenti e studi sulla tradizione filosofica medievale :$bRivista della Società internazionale per lo studio del Medioevo latino$9(OLS)http://pul/title/9219 996 $6260$aSpoleto :$bCentro italiano di studi sull'alto Medioevo$9(OLS)http://pul/publisher/48572 LEADER 01206nam a2200277 u 4500 001 000000012335 003 CaOOAMICUS 005 20070226105526.0 008 940516s1970 be u000 u fre u 035 $a10298882 040 $aPUL(R)$bita 100 1 $aGryson, Roger.$0(OLS)http://pul/name/8698 245 14$aLes origines du célibat ecclésiastique :$bdu premier au septième siècle /$cRoger Gryson. 260 $aGembloux :$bJ. Duculot,$cc1970. 300 $axi, 228 p. ;$c25 cm 490 1 $aRecherches et synthèses.$aSection d'histoire ;$v2 500 $aComprende indici. 504 $aBibliografia: p. 222-224. 650 4$aCelibato ecclesiastico e religioso.$0(OLS)http://pul/subject/5927 830 0$aRecherches et synthèses.$pSection d'histoire ;$v2.$0(OLS)http://pul/title/17852 850 $aPUL 852 $aPUL$W1$xSL Diritto Canonico 1$y5$m150 C 15$j17429$nBK-PRI$b $qStampati$B17429$CPULBib$Z2$F17429 $H $81 941 1 $a8 961 $aINV: 38447 996 $6245$aLes origines du célibat ecclésiastique :$bdu premier au septième siècle$9(OLS)http://pul/title/17851 996 $6260$aGembloux :$bJ. Duculot$9(OLS)http://pul/publisher/48451